[Event "Fagernes Norsk op-B"]
[Site "Fagernes"]
[Date "2015.03.29"]
[Round "5"]
[White "Omtvedt, Per"]
[Black "Donchenko, Irina"]
[Result "1/2-1/2"]
[WhiteElo "1919"]
[BlackElo "2058"]
[PlyCount "69"]
[EventDate "2015.03.29"]
[EventType "swiss"]
[EventRounds "9"]
[EventCountry "NOR"]
[SourceTitle "EXT 2016"]
[Source "ChessBase"]
[SourceDate "2015.10.08"]
[SourceVersion "1"]
[SourceVersionDate "2015.10.08"]
[SourceQuality "1"]

1. e4 c5 2. Nc3 Nc6 3. g3 g6 4. Bg2 Bg7 5. d3 d6 6. Be3 Rb8 7. Qd2 b5 8. Nge2 b4 9. Nd1 Bd7 10. 0-0 Qc8 11. c3 Bh3 12. f4 Bxg2 13. Kxg2 Nf6 14. Nf2 0-0 15. h3 Qb7 16. c4 a5 17. g4 a4 18. Rad1 a3 19. b3 Rbd8 20. f5 Nd7 21. Bh6 Nd4 22. Bxg7 Kxg7 23. Nxd4 cxd4 24. Nh1 Qb6 25. Ng3 h6 26. Qf2 e5 27. h4 Nc5 28. Qf3 Rde8 29. Rd2 Qd8 30. Rh1 Rh8 31. Rf2 Ref8 32. Qe2 Nd7 33. Qd2 Qb6 34. Rhf1 Qb8 35. Kg1 1/2-1/2

[Event "Fagernes Norsk op-B"]
[Site "Fagernes"]
[Date "2015.03.29"]
[Round "9"]
[White "Tangelder, Yonne"]
[Black "Donchenko, Irina"]
[Result "0-1"]
[WhiteElo "1875"]
[BlackElo "2058"]
[PlyCount "56"]
[EventDate "2015.03.29"]
[EventType "swiss"]
[EventRounds "9"]
[EventCountry "NOR"]
[SourceTitle "EXT 2016"]
[Source "ChessBase"]
[SourceDate "2015.10.08"]
[SourceVersion "1"]
[SourceVersionDate "2015.10.08"]
[SourceQuality "1"]

1. e4 c6 2. d4 d5 3. e5 Bf5 4. Be3 e6 5. Nd2 c5 6. c3 Nc6 7. Ngf3 Qb6 8. Qc1 h5 9. g3 Nh6 10. Nb3 c4 11. Bxh6 Rxh6 12. Nbd2 Be7 13. Bg2 h4 14. Ng1 Kd7 15. f3 hxg3 16. hxg3 Rxh1 17. Bxh1 Rh8 18. Bg2 Rh2 19. Bf1 Nxe5 20. f4 Nd3+ 21. Bxd3 Bxd3 22. b3 g5 23. bxc4 dxc4 24. f5 g4 25. Qd1 exf5 26. Qa4+ Qc6 27. Qxa7 Rg2 28. 0-0-0 Bg5 0-1

[Event "Oslo Vederhus Memorial op B"]
[Site "Oslo"]
[Date "2013.09.29"]
[Round "2"]
[White "Lindblom, Roar"]
[Black "Donchenko, Irina"]
[Result "1/2-1/2"]
[WhiteElo "1877"]
[BlackElo "2083"]
[PlyCount "54"]
[EventDate "2013.09.29"]
[EventType "swiss"]
[EventRounds "9"]
[EventCountry "NOR"]
[SourceTitle "EXT 2024"]
[Source "ChessBase"]
[SourceDate "2023.10.10"]
[SourceVersion "1"]
[SourceVersionDate "2023.10.10"]
[SourceQuality "1"]

1. d4 d5 2. c4 dxc4 3. e3 Nf6 4. Bxc4 e6 5. Nf3 c5 6. 0-0 a6 7. a4 Nc6 8. Nc3 Qc7 9. Qe2 Be7 10. dxc5 Bxc5 11. e4 Ng4 12. g3 Nge5 13. Bf4 Nxf3+ 14. Qxf3 e5 15. Nd5 Qd6 16. Be3 0-0 17. Rac1 Nd4 18. Qh5 Qg6 19. Qxg6 hxg6 20. Kg2 Bd7 21. b4 Ba7 22. a5 Nc6 23. Nb6 Rad8 24. Rfd1 Bg4 25. f3 Rxd1 26. Rxd1 Bc8 27. Bc5 Re8 1/2-1/2

[Event "Oberliga Ost-B 1213"]
[Site "Germany"]
[Date "2013.02.24"]
[Round "8.8"]
[White "Barpiyeva, Gulsana"]
[Black "Donchenko, Irina"]
[Result "0-1"]
[WhiteElo "2111"]
[BlackElo "2075"]
[PlyCount "206"]
[EventDate "2012.09.30"]
[EventType "team-tourn"]
[EventRounds "11"]
[EventCountry "GER"]
[SourceTitle "EXT 2014"]
[Source "ChessBase"]
[SourceDate "2013.11.20"]
[SourceVersion "1"]
[SourceVersionDate "2013.11.20"]
[SourceQuality "1"]
[WhiteTeam "Frankfurt BvK"]
[BlackTeam "Giessen"]
[WhiteTeamCountry "GER"]
[BlackTeamCountry "GER"]

1. c4 c5 2. Nc3 b6 3. Nf3 Bb7 4. e3 Nf6 5. Be2 g6 6. 0-0 Bg7 7. d4 cxd4 8. exd4 0-0 9. Bf4 d5 10. b3 Nc6 11. Rc1 Rc8 12. Re1 dxc4 13. bxc4 Na5 14. Ne5 Nd7 15. Qa4 Nxe5 16. dxe5 Qd4 17. Bg3 Bxe5 18. Nb5 Qc5 19. Bxe5 Qxe5 20. Bf3 Qb8 21. Bg4 f5 22. Be2 Rc5 23. Nd4 Qc8 24. Bf1 e5 25. Nb3 Nxb3 26. axb3 a5 27. b4 axb4 28. Qxb4 Qc7 29. Rb1 Rf6 30. Qb2 Kf7 31. h3 e4 32. Ra1 Rd6 33. Ra7 Rd7 34. Qh8 Ke6 35. Qb2 Rd6 36. f3 Qb8 37. Ra3 Kf7 38. fxe4 Bxe4 39. Qa1 Rd7 40. Qb2 Qd8 41. Ra6 Rd2 42. Qxb6 Qxb6 43. Rxb6 Ra5 44. Rc1 Raa2 45. c5 Rac2 46. Ra1 Rd7 47. Ra5 Rc7 48. Rbb5 Kf6 49. Rb6+ Kg5 50. Rbb5 Kf4 51. Rb4 Rd7 52. Rc4 Rdd2 53. Rxc2 Rxc2 54. Ra7 h5 55. Rg7 g5 56. g3+ Kf3 57. Rxg5 Rc1 58. g4 hxg4 59. hxg4 f4 60. Rh5 Kxg4 61. Rh2 Rxc5 62. Rh8 Rc1 63. Kf2 Rc2+ 64. Kg1 Rd2 65. Rg8+ Kf3 66. Rb8 Bc2 67. Rc8 Ke3 68. Re8+ Be4 69. Rb8 Kf3 70. Rb3+ Kg4 71. Rb8 f3 72. Rg8+ Kf4 73. Rf8+ Ke3 74. Rf6 Rd1 75. Rf8 Bd3 76. Re8+ Kf4 77. Rf8+ Kg4 78. Rg8+ Kh5 79. Rh8+ Kg6 80. Kf2 Rxf1+ 81. Ke3 Be2 82. Rf8 Ra1 83. Kf2 Ra5 84. Rg8+ Kf5 85. Rg7 Ke4 86. Rg4+ Kd3 87. Rg8 Rh5 88. Rd8+ Ke4 89. Re8+ Kf4 90. Rf8+ Rf5 91. Rh8 Rg5 92. Rf8+ Ke5 93. Re8+ Kf6 94. Rf8+ Kg7 95. Rf4 Rg2+ 96. Ke1 Kg6 97. Rf8 Kh5 98. Rh8+ Kg4 99. Rg8+ Kh3 100. Rh8+ Kg3 101. Rh7 Rg1+ 102. Kd2 f2 103. Rg7+ Bg4 0-1

[Event "Metz op-B 29th"]
[Site "Metz"]
[Date "2011.05.05"]
[Round "6"]
[White "Malglaive, Jean Louis"]
[Black "Donchenko, Irina"]
[Result "0-1"]
[WhiteElo "1815"]
[BlackElo "2058"]
[PlyCount "92"]
[EventDate "2011.05.02"]
[EventType "swiss"]
[EventRounds "9"]
[EventCountry "FRA"]
[SourceTitle "EXT 2013"]
[Source "ChessBase"]
[SourceDate "2012.11.22"]
[SourceVersion "1"]
[SourceVersionDate "2012.11.22"]
[SourceQuality "1"]

1. e4 c5 2. Nf3 d6 3. d4 cxd4 4. Nxd4 Nf6 5. Nc3 a6 6. Bg5 Nbd7 7. f4 Qc7 8. Qf3 Rb8 9. 0-0-0 h6 10. Bh4 g5 11. fxg5 hxg5 12. Bxg5 Ne5 13. Qe2 Bg4 14. Nf3 Bh6 15. Bxh6 Rxh6 16. Qe3 Rh8 17. Be2 Bxf3 18. gxf3 Rh3 19. Nd5 Nxd5 20. exd5 Rc8 21. Rd2 Qc5 22. Qxc5 Rxc5 23. Rf1 Nc4 24. Bxc4 Rxc4 25. f4 Re4 26. c3 Rh4 27. Rdf2 f5 28. Kc2 b5 29. Rg2 Rexf4 30. Rxf4 Rxf4 31. h3 Kf7 32. Rh2 Rh4 33. Kd3 Kf6 34. b3 Ke5 35. c4 bxc4+ 36. bxc4 f4 37. Re2+ Kf6 38. Rh2 Kf5 39. Ke2 Ke4 40. a3 f3+ 41. Kf2 Kf4 42. Rh1 a5 43. a4 Rh8 44. h4 Rb8 45. Re1 Rb2+ 46. Kf1 Kg3 0-1

[Event "Metz op-B 29th"]
[Site "Metz"]
[Date "2011.05.04"]
[Round "4"]
[White "Vuillemard, Jean Marc"]
[Black "Donchenko, Irina"]
[Result "0-1"]
[WhiteElo "1770"]
[BlackElo "2058"]
[PlyCount "80"]
[EventDate "2011.05.02"]
[EventType "swiss"]
[EventRounds "9"]
[EventCountry "FRA"]
[SourceTitle "EXT 2013"]
[Source "ChessBase"]
[SourceDate "2012.11.22"]
[SourceVersion "1"]
[SourceVersionDate "2012.11.22"]
[SourceQuality "1"]

1. e4 c5 2. Nc3 Nc6 3. g3 g6 4. Bg2 Bg7 5. d3 d6 6. Be3 Nf6 7. h3 0-0 8. Qd2 Re8 9. 0-0-0 Rb8 10. f4 Qc7 11. Nf3 b5 12. Rdf1 Qa5 13. f5 b4 14. fxg6 bxc3 15. gxf7+ Kxf7 16. Qxc3 Qxc3 17. bxc3 Kg8 18. g4 Ba6 19. Ng5 Bc8 20. Nf3 Nd7 21. Kd2 Nde5 22. Nh4 a5 23. Nf5 Bxf5 24. exf5 Rb6 25. g5 Nd7 26. Bd5+ Kh8 27. h4 Nce5 28. Rf4 Rb2 29. d4 Nb6 30. c4 Nexc4+ 31. Bxc4 Nxc4+ 32. Kc3 d5 33. Bf2 Rxa2 34. Rb1 a4 35. Kd3 Rb2 36. Ra1 a3 37. f6 exf6 38. gxf6 Bh6 39. f7 Rf8 40. dxc5 Bxf4 0-1

[Event "Oberliga Ost-B 1011"]
[Site "Germany"]
[Date "2011.04.10"]
[Round "11.8"]
[White "Eilsberger, Dieter"]
[Black "Donchenko, Irina"]
[Result "1/2-1/2"]
[WhiteElo "2122"]
[BlackElo "2056"]
[PlyCount "93"]
[EventDate "2010.10.24"]
[EventType "team-tourn"]
[EventRounds "11"]
[EventCountry "GER"]
[SourceTitle "EXT 2012"]
[Source "ChessBase"]
[SourceDate "2011.11.24"]
[SourceVersion "1"]
[SourceVersionDate "2011.11.24"]
[SourceQuality "1"]
[WhiteTeam "Offenbach"]
[BlackTeam "Giessen"]
[WhiteTeamCountry "GER"]
[BlackTeamCountry "GER"]

1. e4 c5 2. Nf3 d6 3. d4 cxd4 4. Nxd4 Nf6 5. Nc3 a6 6. Be3 e6 7. f3 Qc7 8. Qd2 b5 9. g4 h6 10. 0-0-0 Bb7 11. h4 Nbd7 12. Rg1 g6 13. g5 hxg5 14. hxg5 Nh5 15. a3 e5 16. Ndxb5 axb5 17. Nxb5 Qb8 18. Nxd6+ Bxd6 19. Qxd6 Qxd6 20. Rxd6 Ke7 21. Rd2 Bc6 22. Bc4 Nf4 23. Rgd1 Rh3 24. Bxf4 exf4 25. Bd5 Bxd5 26. Rxd5 Ra7 27. R1d3 Nf8 28. b4 Ne6 29. c4 Rg3 30. c5 Rxg5 31. Rxg5 Nxg5 32. c6 Ne6 33. b5 Rc7 34. Kb2 Nc5 35. Rd4 Ne6 36. Rd5 Nd8 37. a4 Nxc6 38. Rc5 Ra7 39. bxc6 Kd6 40. c7 Rxc7 41. Rxc7 Kxc7 42. e5 Kb6 43. Kc3 Ka5 44. Kd4 Kxa4 45. Ke4 Kb5 46. Kxf4 Kc5 47. Kg5 1/2-1/2

[Event "Oberliga Ost-B 0910"]
[Site "Germany"]
[Date "2010.01.24"]
[Round "7.8"]
[White "Schwenkreis, Thomas"]
[Black "Donchenko, Irina"]
[Result "1-0"]
[WhiteElo "2092"]
[BlackElo "2076"]
[PlyCount "143"]
[EventDate "2009.10.18"]
[EventType "team-tourn"]
[EventRounds "11"]
[EventCountry "GER"]
[SourceTitle "EXT 2011"]
[Source "ChessBase"]
[SourceDate "2010.11.26"]
[SourceVersion "1"]
[SourceVersionDate "2010.11.26"]
[SourceQuality "1"]
[WhiteTeam "Frankfurt BvK"]
[BlackTeam "Giessen"]
[WhiteTeamCountry "GER"]
[BlackTeamCountry "GER"]

1. e4 c5 2. Nf3 d6 3. g3 Nc6 4. Bg2 Nf6 5. d3 g6 6. 0-0 Bg7 7. Re1 0-0 8. c3 Bg4 9. h3 Bxf3 10. Bxf3 Ne5 11. Bg2 c4 12. dxc4 Nxc4 13. Nd2 Nxd2 14. Bxd2 Qc7 15. Be3 Nd7 16. Qe2 Rfc8 17. Rad1 Rab8 18. h4 b5 19. Bh3 Rd8 20. h5 Nb6 21. hxg6 hxg6 22. Qg4 Nc4 23. Bc1 Ne5 24. Qe2 Qc4 25. f4 Qxe2 26. Rxe2 Nc4 27. b3 Nb6 28. Re3 e6 29. Red3 Rdc8 30. f5 exf5 31. exf5 Rxc3 32. Rxc3 Bxc3 33. fxg6 Be5 34. gxf7+ Kxf7 35. Rf1+ Kg7 36. Kg2 Rb7 37. Bf5 Nd7 38. Rh1 Nf8 39. Bh6+ Kf7 40. Be4 Rb8 41. Rf1+ Ke7 42. Bg5+ Ke6 43. g4 d5 44. Bf5+ Kd6 45. Bd2 b4 46. Rh1 Rb7 47. Kf3 Bc3 48. Bf4+ Ke7 49. g5 Bg7 50. Re1+ Kf7 51. Kg4 Bc3 52. Rd1 Ng6 53. Bg3 Ne5+ 54. Kh3 Rb5 55. Rf1 Kg7 56. Bb1 Rb8 57. Rf6 Re8 58. Rd6 d4 59. Rd5 d3 60. Bxd3 Nxd3 61. Rxd3 Kg6 62. Kg4 Re4+ 63. Kf3 Re6 64. Rd5 Ra6 65. Rd6+ Rxd6 66. Bxd6 Kxg5 67. Ke4 Kf6 68. Kd5 a5 69. Bc7 a4 70. bxa4 Ke7 71. Kc6 Bd2 72. a5 1-0

[Event "Karl Mala Memorial op 12th"]
[Site "Frankfurt"]
[Date "2009.07.19"]
[Round "7"]
[White "Powierski, Emil"]
[Black "Donchenko, Irina"]
[Result "1-0"]
[WhiteElo "1879"]
[BlackElo "2076"]
[PlyCount "57"]
[EventDate "2009.07.16"]
[EventType "swiss"]
[EventRounds "7"]
[EventCountry "GER"]
[SourceTitle "EXT 2010"]
[Source "ChessBase"]
[SourceDate "2010.11.25"]
[SourceVersion "1"]
[SourceVersionDate "2010.11.25"]
[SourceQuality "1"]

1. e4 c5 2. Nf3 d6 3. d4 cxd4 4. Nxd4 Nf6 5. Nc3 a6 6. Be3 b5 7. f3 Bb7 8. Qd2 e6 9. 0-0-0 Be7 10. g4 h6 11. h4 g6 12. Bh3 Nc6 13. g5 hxg5 14. hxg5 Nh5 15. Nxc6 Bxc6 16. Bg4 Qa5 17. Kb1 b4 18. Ne2 Rg8 19. Bxh5 gxh5 20. Rxh5 Rc8 21. Rdh1 Kd7 22. g6 f5 23. Rg1 Bf6 24. Nd4 Ba4 25. b3 Bb5 26. exf5 exf5 27. Rxf5 Bg7 28. Rf7+ Ke8 29. Bg5 1-0

[Event "Karl Mala Memorial op 12th"]
[Site "Frankfurt"]
[Date "2009.07.18"]
[Round "4"]
[White "Donchenko, Irina"]
[Black "Hild, Roman"]
[Result "1/2-1/2"]
[WhiteElo "2076"]
[BlackElo "1712"]
[PlyCount "42"]
[EventDate "2009.07.16"]
[EventType "swiss"]
[EventRounds "7"]
[EventCountry "GER"]
[SourceTitle "EXT 2010"]
[Source "ChessBase"]
[SourceDate "2010.11.25"]
[SourceVersion "1"]
[SourceVersionDate "2010.11.25"]
[SourceQuality "1"]

1. d4 Nf6 2. Nf3 d6 3. c4 g6 4. Nc3 Bg7 5. e4 0-0 6. Be2 e5 7. dxe5 dxe5 8. Qxd8 Rxd8 9. Bg5 Re8 10. 0-0-0 Bd7 11. Ne1 Ng4 12. Bh4 Nf6 13. Nc2 c6 14. Rd6 Be6 15. Rhd1 Nbd7 16. Bg5 Bf8 17. R6d2 Bg7 18. f3 Bf8 19. a4 Be7 20. Be3 Red8 21. b3 Kg7 1/2-1/2

[Event "Wetzlar op"]
[Site "Wetzlar"]
[Date "2009.??.??"]
[Round "7"]
[White "Bauch, Frank"]
[Black "Donchenko, Irina"]
[Result "0-1"]
[WhiteElo "1940"]
[BlackElo "2075"]
[PlyCount "108"]
[EventDate "2009.??.??"]
[EventType "swiss"]
[EventRounds "7"]
[EventCountry "GER"]
[SourceTitle "EXT 2011"]
[Source "ChessBase"]
[SourceDate "2010.11.26"]
[SourceVersion "1"]
[SourceVersionDate "2010.11.26"]
[SourceQuality "1"]

1. e4 c5 2. Nf3 d6 3. d4 cxd4 4. Nxd4 Nf6 5. Nc3 a6 6. Be2 e6 7. Be3 Qc7 8. f4 b5 9. a3 Bb7 10. Bf3 Nbd7 11. Qe2 Rc8 12. 0-0 Nb6 13. Rad1 Be7 14. e5 dxe5 15. Ndxb5 axb5 16. Qxb5+ Bc6 17. Bxc6+ Qxc6 18. Bxb6 exf4 19. Rxf4 Qxb5 20. Nxb5 Nd5 21. Rxd5 exd5 22. Nc7+ Kd7 23. Nxd5 Rxc2 24. Nxe7 Kxe7 25. Bd4 f6 26. Bc3 Rd8 27. h4 Rd1+ 28. Kh2 Ke6 29. a4 h5 30. a5 Ra1 31. Rb4 Kf5 32. Rb7 Ra4 33. Rxg7 Rxh4+ 34. Kg3 Ra4 35. Rf7 Kg5 36. Rg7+ Kh6 37. Rf7 Kg5 38. Rg7+ Kf5 39. Rh7 Kg6 40. Rc7 Rg4+ 41. Kf3 Rcxg2 42. Rc6 Kg5 43. Bxf6+ Kf5 44. Bh4 Rxb2 45. Rc5+ Kg6 46. Bf2 Rb3+ 47. Be3 Ra4 48. Kf2 h4 49. Rg5+ Kf6 50. Rh5 Ra2+ 51. Kf3 Raa3 52. Rh6+ Kg7 53. Re6 h3 54. Kf2 Rxe3 0-1

[Event "Wetzlar op"]
[Site "Wetzlar"]
[Date "2009.??.??"]
[Round "6"]
[White "Donchenko, Irina"]
[Black "Feicht, Arno"]
[Result "0-1"]
[WhiteElo "2075"]
[BlackElo "2080"]
[PlyCount "46"]
[EventDate "2009.??.??"]
[EventType "swiss"]
[EventRounds "7"]
[EventCountry "GER"]
[SourceTitle "EXT 2011"]
[Source "ChessBase"]
[SourceDate "2010.11.26"]
[SourceVersion "1"]
[SourceVersionDate "2010.11.26"]
[SourceQuality "1"]

1. c4 f5 2. g3 Nf6 3. Bg2 e6 4. d4 Be7 5. Nf3 0-0 6. d5 Qe8 7. Nc3 Bb4 8. 0-0 Bxc3 9. bxc3 d6 10. dxe6 Bxe6 11. Nd4 Nbd7 12. Bxb7 Rb8 13. Bc6 Bxc4 14. Qa4 Qf7 15. Ba3 Bd5 16. Qxa7 Bxc6 17. Nxc6 Ra8 18. Qxc7 Ne8 19. Qb7 Rxa3 20. Nd8 Qe7 21. Nc6 Qe4 22. Qxd7 Rf7 23. Qc8 Rc7 0-1

[Event "Hessenliga 0607"]
[Site "Germany"]
[Date "2006.11.12"]
[Round "4.6"]
[White "Debus, Alfred"]
[Black "Donchenko, Irina"]
[Result "1-0"]
[WhiteElo "2169"]
[BlackElo "2069"]
[PlyCount "57"]
[EventDate "2006.09.17"]
[EventType "team"]
[EventRounds "9"]
[EventCountry "GER"]
[SourceTitle "EXT 2008"]
[Source "ChessBase"]
[SourceDate "2007.11.25"]
[SourceVersion "1"]
[SourceVersionDate "2007.11.25"]
[SourceQuality "1"]
[WhiteTeam "Marburg"]
[BlackTeam "Giessen II"]
[WhiteTeamCountry "GER"]
[BlackTeamCountry "GER"]

1. e4 c5 2. c3 d5 3. exd5 Qxd5 4. d4 Nf6 5. Nf3 e6 6. Bd3 Nc6 7. 0-0 Be7 8. Be3 cxd4 9. cxd4 Nb4 10. Nc3 Qd8 11. Bb1 0-0 12. Ne5 Bd7 13. Qf3 Bc6 14. Qh3 Bd5 15. Re1 Nc6 16. Bc2 Rc8 17. Rad1 a6 18. Nxd5 Qxd5 19. Bb3 Qd6 20. Nxf7 Rxf7 21. Bxe6 Rcf8 22. d5 Nb4 23. Bg5 Qc5 24. Bxf6 Bxf6 25. Bxf7+ Rxf7 26. Re8+ Rf8 27. Qe6+ Kh8 28. d6 Be7 29. Qxe7 1-0

[Event "Karl Mala Memorial op 10th"]
[Site "Griesheim"]
[Date "2006.07.22"]
[Round "5"]
[White "Dehne, Julian"]
[Black "Donchenko, Irina"]
[Result "1-0"]
[WhiteElo "1881"]
[BlackElo "2069"]
[PlyCount "93"]
[EventDate "2006.07.20"]
[EventType "swiss"]
[EventRounds "7"]
[EventCountry "GER"]
[SourceTitle "CBM 113 Extra"]
[Source "ChessBase"]
[SourceDate "2006.09.14"]
[SourceVersion "1"]
[SourceVersionDate "2006.09.14"]
[SourceQuality "1"]

1. e4 c5 2. Nf3 e6 3. d4 cxd4 4. Nxd4 Nf6 5. Nc3 d6 6. Be3 a6 7. g3 b5 8. f3 Bb7 9. Bh3 Nbd7 10. 0-0 Qb8 11. a3 Be7 12. Nb3 Qc7 13. Rf2 0-0 14. Rd2 Ne5 15. Bf1 Rac8 16. Nd4 Nc4 17. Bxc4 Qxc4 18. Nb3 Ba8 19. Rd4 Qc7 20. a4 b4 21. Rxb4 d5 22. Rb6 dxe4 23. f4 Nd5 24. Nxd5 Bxd5 25. Rc1 Bc4 26. Qe1 e5 27. Na5 exf4 28. gxf4 Qd7 29. Nxc4 Rxc4 30. Rxa6 Rxa4 31. Rxa4 Qxa4 32. c4 Rc8 33. Qc3 Qc6 34. Kf2 Qh6 35. Kg2 Qg6+ 36. Kh1 Qh5 37. Rf1 Qe2 38. Rg1 Qf3+ 39. Rg2 g6 40. b3 Qf1+ 41. Bg1 Bc5 42. Qh3 Rd8 43. Rxg6+ hxg6 44. Qxf1 e3 45. Qe1 Rd3 46. b4 e2 47. Qxe2 1-0

[Event "Karl Mala Memorial op 10th"]
[Site "Griesheim"]
[Date "2006.07.21"]
[Round "2"]
[White "Lobzhanidze, Davit"]
[Black "Donchenko, Irina"]
[Result "1-0"]
[WhiteElo "2446"]
[BlackElo "2069"]
[PlyCount "91"]
[EventDate "2006.07.20"]
[EventType "swiss"]
[EventRounds "7"]
[EventCountry "GER"]
[SourceTitle "CBM 113 Extra"]
[Source "ChessBase"]
[SourceDate "2006.09.14"]
[SourceVersion "1"]
[SourceVersionDate "2006.09.14"]
[SourceQuality "1"]

1. e4 c5 2. Nf3 e6 3. d3 d6 4. c3 Nf6 5. g3 b5 6. Bg2 Bb7 7. 0-0 Nbd7 8. a4 a6 9. Na3 Qb8 10. Bf4 Bc6 11. axb5 axb5 12. b4 e5 13. Bg5 Be7 14. Nd2 cxb4 15. cxb4 Ra4 16. Nc2 Nb6 17. Rxa4 Nxa4 18. Nb3 0-0 19. Ne3 Rc8 20. Bh3 Re8 21. Na5 Ba8 22. Bxf6 Bxf6 23. Bd7 Rd8 24. Bc6 Rc8 25. Bxa8 Nc3 26. Qg4 Qxa8 27. Ra1 Rd8 28. Rc1 Na2 29. Rb1 Nxb4 30. Rxb4 Qxa5 31. Nd5 Kh8 32. Kg2 Re8 33. Qd7 Qd8 34. Qxf7 Rf8 35. Qb7 Qb8 36. Rxb5 Qxb7 37. Rxb7 Rd8 38. Nxf6 gxf6 39. Rf7 d5 40. Rxf6 dxe4 41. dxe4 Rd4 42. Kf3 Ra4 43. h4 Kg7 44. Rf5 Ra5 45. Kg4 Ra2 46. f3 1-0

[Event "BL2 Gr01 0506 (Women)"]
[Site "Germany"]
[Date "2006.01.21"]
[Round "5.2"]
[White "Brenner, Sabine"]
[Black "Donchenko, Irina"]
[Result "0-1"]
[WhiteElo "1913"]
[BlackElo "1947"]
[PlyCount "124"]
[EventDate "2005.10.29"]
[EventType "team-tourn"]
[EventRounds "7"]
[EventCountry "GER"]
[SourceTitle "EXT 2007"]
[Source "ChessBase"]
[SourceDate "2006.11.23"]
[SourceVersion "1"]
[SourceVersionDate "2006.11.23"]
[SourceQuality "1"]
[WhiteTeam "Duesseldorf (W)"]
[BlackTeam "Hofheim (W)"]
[WhiteTeamCountry "GER"]
[BlackTeamCountry "GER"]

1. e4 c5 2. d3 Nc6 3. Nf3 g6 4. g3 Bg7 5. c3 d5 6. Nbd2 dxe4 7. dxe4 Nf6 8. Qe2 0-0 9. Bg2 h6 10. 0-0 Be6 11. h3 Qd7 12. Kh2 Rfd8 13. Ne1 Ne5 14. f4 Nd3 15. Nxd3 Qxd3 16. Qxd3 Rxd3 17. Nb3 Rc8 18. e5 Nh7 19. Bxb7 Rc7 20. Be4 Rd8 21. Be3 c4 22. Nd4 Bd5 23. Bc2 Rb8 24. Rab1 e6 25. Bd2 g5 26. b4 cxb3 27. axb3 gxf4 28. gxf4 f6 29. c4 fxe5 30. Nb5 Rd7 31. Rbd1 Bc6 32. Nc3 Rbd8 33. Bc1 exf4 34. Rxd7 Rxd7 35. Ne4 e5 36. Nc5 Rf7 37. b4 Bf8 38. Rg1+ Kh8 39. Na6 f3 40. b5 Bb7 41. Rf1 e4 42. Be3 Bd6+ 43. Kh1 Nf6 44. c5 Be5 45. Nb4 Bc8 46. Nc6 Bg3 47. Rd1 Bxh3 48. b6 axb6 49. cxb6 f2 50. Nd8 Rd7 51. Bxf2 Bxf2 52. b7 Rxd1+ 53. Bxd1 Bg3 54. Nc6 Nd7 55. Kg1 Kg7 56. Be2 Kf6 57. Bb5 e3 58. Nd4 Nb8 59. Ne2 Be5 60. Kh1 Bg4 61. Nc1 Bf3+ 62. Kg1 Bxb7 0-1